Inventing Africa : (Record no. 5698)
[ view plain ]
| 000 -LEADER | |
|---|---|
| fixed length control field | 01558cam a2200313 a 4500 |
| 001 - CONTROL NUMBER | |
| control field | 16835249 |
| 005 - DATE AND TIME OF LATEST TRANSACTION | |
| control field | 20170529114601.0 |
| 008 - FIXED-LENGTH DATA ELEMENTS--GENERAL INFORMATION | |
| fixed length control field | 110620s2011 enka b 001 0 eng |
| 010 ## - LIBRARY OF CONGRESS CONTROL NUMBER | |
| LC control number | 2011378382 |
| 020 ## - INTERNATIONAL STANDARD BOOK NUMBER | |
| International Standard Book Number | 9780745331065 (hbk.) |
| 020 ## - INTERNATIONAL STANDARD BOOK NUMBER | |
| International Standard Book Number | 9780745331058 (pbk.) |
| 040 ## - CATALOGING SOURCE | |
| Original cataloging agency | DLC |
| Transcribing agency | DLC |
| Modifying agency | DLC |
| 042 ## - AUTHENTICATION CODE | |
| Authentication code | pcc |
| 043 ## - GEOGRAPHIC AREA CODE | |
| Geographic area code | f------ |
| 050 00 - LIBRARY OF CONGRESS CALL NUMBER | |
| Classification number | DT19 |
| Item number | .D48 2011 |
| 082 00 - DEWEY DECIMAL CLASSIFICATION NUMBER | |
| Classification number | 960/.1 |
| Edition number | 23 |
| 100 1# - MAIN ENTRY--PERSONAL NAME | |
| Personal name | Derricourt, Robin M. |
| 9 (RLIN) | 30132 |
| 245 10 - TITLE STATEMENT | |
| Title | Inventing Africa : |
| Remainder of title | history, archaeology and ideas / |
| Statement of responsibility, etc | Robin Derricourt . |
| 260 ## - PUBLICATION, DISTRIBUTION, ETC. (IMPRINT) | |
| Place of publication, distribution, etc | London ; |
| -- | New York : |
| Name of publisher, distributor, etc | Pluto Press, |
| Date of publication, distribution, etc | 2011. |
| 300 ## - PHYSICAL DESCRIPTION | |
| Extent | xi, 183 p. : |
| Other physical details | ill. ; |
| Dimensions | 23 cm. |
| 504 ## - BIBLIOGRAPHY, ETC. NOTE | |
| Bibliography, etc | Includes bibliographical references (p. 151-176) and index. |
| 505 0# - FORMATTED CONTENTS NOTE | |
| Formatted contents note | The construction of African pasts -- The changing shape and perception of "Africa" -- Mythic and mystic Africa -- Looking both ways : the enigma of Raymond Dart -- Egos and fossils -- Stirring the gene pool : human ancestors from Africa to the wider world -- Ancient Egypt and African sources of civilisation -- Old states good, new states bad -- The present of the past. |
| 651 #0 - SUBJECT ADDED ENTRY--GEOGRAPHIC NAME | |
| Geographic name | Africa |
| General subdivision | Historiography. |
| 9 (RLIN) | 22525 |
| 651 #0 - SUBJECT ADDED ENTRY--GEOGRAPHIC NAME | |
| Geographic name | Africa |
| General subdivision | Antiquities. |
| 9 (RLIN) | 31402 |
| 651 #0 - SUBJECT ADDED ENTRY--GEOGRAPHIC NAME | |
| Geographic name | Africa |
| General subdivision | Civilization |
| -- | Historiography. |
| 9 (RLIN) | 31403 |
| 906 ## - LOCAL DATA ELEMENT F, LDF (RLIN) | |
| a | 7 |
| b | cbc |
| c | orignew |
| d | 2 |
| e | ncip |
| f | 20 |
| g | y-gencatlg |
| 942 ## - ADDED ENTRY ELEMENTS (KOHA) | |
| Source of classification or shelving scheme | Library of Congress Classification |
| Item type | Monograph ( Printed materials) |
| Withdrawn status | Lost status | Source of classification or shelving scheme | Damaged status | Not for loan | Collection code | Home library | Current library | Shelving location | Date acquired | Total Checkouts | Full call number | Barcode | Date last seen | Date last borrowed | Copy number | Price effective from | Koha item type |
|---|---|---|---|---|---|---|---|---|---|---|---|---|---|---|---|---|---|
| Library of Congress Classification | Main Collection | ARRUPE LIBRARY | ARRUPE LIBRARY | 27/02/2013 | 1 | DT19.D438 2011 | 46407736 | 07/12/2017 | 06/11/2015 | 1 | 27/02/2013 | Monograph ( Printed materials) |